LEADER 01189nam--2200385---450 001 990001540040203316 005 20210215114732.0 035 $a000154004 035 $aUSA01000154004 035 $a(ALEPH)000154004USA01 035 $a000154004 100 $a20040326d1909----km-y0itay0103----ba 101 0 $aita 102 $aIT 105 $a||||||||001yy 200 1 $a<> fine di un Regno$fRaffaele De Cesare 210 $aCittą di Castello$cLapi$d1909 215 $a3 volumi$d25 cm 327 1 $a1.: Regno di Ferdinando 2. - XII, 527 p. - 2.: Regno di Francesco 2. - 480 p. - 3.: Documenti ; Indice dei nomi. - 207 p. 410 0$12001 454 1$12001 461 1$1001-------$12001 517 $aRegno di Ferdinando 2. 517 $aRegno di Francesco 2. 517 $aDocumenti 700 1$aDE CESARE,$bRaffaele$f<1845-1918>$075053 801 0$aIT$bsalbc$gISBD 912 $a990001540040203316 951 $aX.3.A. 451/1(III E 73/1)$b15834 L.M.$cIII E 951 $aX.3.A. 451/2(III E 73/2)$b15835 L.M.$bIII E 951 $aX.3.A. 451/3(III E 73/3)$b15836 l.M.$cIII E 959 $aBK 969 $aUMA 996 $aFine di un regno$967669 997 $aUNISA LEADER 01152nam a2200301 i 4500 001 991000642859707536 005 20020507171646.0 008 940921s1967 us ||| | eng 035 $ab10737017-39ule_inst 035 $aLE01300029$9ExL 040 $aDip.to Matematica$beng 082 0 $a512.02 084 $aAMS 20-01 084 $aAMS 20-XX 084 $aLC QA162.H47 100 1 $aSah, Chin-Han$0534487 245 10$aAbstract algebra /$cChin-Han San 260 $aNew York :$bAcademic Press,$cc1967 300 $aix, 339 p. ;$c24 cm. 650 4$aAbstract algebra 907 $a.b10737017$b21-09-06$c28-06-02 912 $a991000642859707536 945 $aLE013 20-XX SAH11 C.1 (1967)$g1$i2013000009513$lle013$o-$pE0.00$q-$rl$s- $t0$u0$v0$w0$x0$y.i1082716x$z28-06-02 945 $aLE013 20-XX SAH11 C.2 (1967)$g2$i2013000009520$lle013$o-$pE0.00$q-$rl$s- $t0$u0$v0$w0$x0$y.i10827171$z28-06-02 945 $aLE013 20-XX SAH11 C.3 (1967)$g3$i2013000009537$lle013$o-$pE0.00$q-$rl$s- $t0$u0$v0$w0$x0$y.i10827183$z28-06-02 996 $aAbstract algebra$9911121 997 $aUNISALENTO 998 $ale013$b01-01-94$cm$da $e-$feng$gus $h0$i3